00559nam a2200145Ia 4500082001200000100002600012245008500038260006300123300000800186504004000194650003600234650003900270650004300309650006100352 aRH 0051 aHazarika, Padmalochan 0aDisparities in the levels of development in Assam: a spatio-temporal analysisb: c2009bIndian Council of Social Science Research, New Delhi a260 ainclude appendices and bibliography aIndustrializationzIndiazAssam aAssam (India)vEconomic conditions aAgricultural developmentzIndiazAssam aEconomic developmentvRegional disparitieszIndiazAssam